| 000 | 00941nam a2200301 i 4500 | ||
|---|---|---|---|
| 001 | 133554 | ||
| 003 | ES-MaACL | ||
| 005 | 20230906194441.0 | ||
| 007 | t| | ||
| 008 | 070821s1989 be ||||1| fre d | ||
| 020 | _a2-87088-698-5 | ||
| 080 | _a811.112.5 | ||
| 100 | 1 |
_aLejeune, Daniel. _971420 |
|
| 245 | 1 | 3 |
_aLe néerlandais pratique / _cDaniel Lejeune , Ria Lenaerts , Etienne Saintelet ; coordination Jean-Marie Wiele. |
| 250 | _aNouvelle ed. | ||
| 260 |
_aBruxelles : _bDidier Hatier, _c[1989] |
||
| 300 |
_a223 p. ; _c20 cm. |
||
| 490 | 1 | _aCollection Bescherelle | |
| 500 | _aBiblioteca Jacinto MartÃnez Lacalle. | ||
| 500 | _aIndice. | ||
| 650 | 4 |
_aLengua holandesa. _914262 |
|
| 700 | 1 |
_aLenaerts, ria. _971507 |
|
| 700 | 1 |
_aSaintelet, Etienne. _9101561 |
|
| 700 | 1 |
_aWiele, Jean-Marie. _9116765 |
|
| 830 | 0 |
_aCollection Bescherelle _9186938 |
|
| 852 |
_aES-MaACL _jE-11981 _bR.139894 |
||
| 999 |
_c133554 _d133554 |
||